Club de foot jouant en noir et blanc- Mort subite - Statistiques

Statistiques générales
  • Ce quiz a été pris 220 fois
  • Le résultat moyen est 7 sur 16
Answers on the Grid
Answers color-coded by a green-red scale on the quiz's grid according to % correct below.
Crystal Palace
Midtjylland
Charleroi
Newcastle
Maritimo
Juventus
Eibar
AJ Auxerre
Braga
Botafogo
Udinese
Partizan
Courtrai
Ascoli
Paderborn
Notts County
CD Nacional
AZ
Fortaleza
Lausanne Sport
ES Sétif
AEK Athènes
Saint-Gall
Beşiktaş
Angers
Norwich
Saint-Mirren
Inter Milan
PAOK
Atlético Mineiro
KR Reykjavík
AIK
 
Statistiques - réponses
Réponse % Correct
Newcastle
92%
Juventus
86%
Angers
77%
Botafogo
66%
Udinese
63%
Beşiktaş
61%
PAOK
54%
Charleroi
48%
Atlético Mineiro
46%
Partizan
30%
Notts County
22%
CD Nacional
15%
KR Reykjavík
13%
Ascoli
12%
ES Sétif
11%
Saint-Mirren
9%
Aucun quiz correspondant
Distribution des résultats
% des personnes avec chaque résultat
Percentile par nombre de réponses
Votre historique - résultats
Vous n’avez pas pris ce quiz